Teaching culture : (Record no. 15023)

000 -LEADER
fixed length control field 00727nam a2200205 a 4500
001 - CONTROL NUMBER
control field :::00012861$&:&@@
003 - CONTROL NUMBER IDENTIFIER
control field OkBaRHE
005 - DATE AND TIME OF LATEST TRANSACTION
control field 20000607103423.0
008 - FIXED-LENGTH DATA ELEMENTS--GENERAL INFORMATION
fixed length control field s1974 j 000 0 eng u
020 ## - INTERNATIONAL STANDARD BOOK NUMBER
International Standard Book Number 0844293288
040 ## - CATALOGING SOURCE
Transcribing agency
100 1# - MAIN ENTRY--PERSONAL NAME
Personal name Seelye, H. Ned.
9 (RLIN) 185
245 10 - TITLE STATEMENT
Title Teaching culture :
Remainder of title strategies for foreign language educators.
260 ## - PUBLICATION, DISTRIBUTION, ETC. (IMPRINT)
Place of publication, distribution, etc Skokie, IL., :
Name of publisher, distributor, etc National Textbook Co.
Date of publication, distribution, etc 1974
300 ## - PHYSICAL DESCRIPTION
Extent 188 p. : illus. ;
Dimensions 23 cm.
650 ## - SUBJECT ADDED ENTRY--TOPICAL TERM
Topical term or geographic name as entry element Languages, Modern
General subdivision Study and Teaching
9 (RLIN) 186
650 ## - SUBJECT ADDED ENTRY--TOPICAL TERM
Topical term or geographic name as entry element Manners and Customs
General subdivision Study and Teaching
9 (RLIN) 188
942 ## - ADDED ENTRY ELEMENTS (KOHA)
Source of classification or shelving scheme
Koha item type Books
Copies
Full call number Date last seen Shelving location Lost status Copy number Damaged status Permanent Location Current Location Withdrawn status Not for loan Barcode Koha item type Source of classification or shelving scheme Price effective from Date acquired
PB 36 .5382010-04-14General Stacks 1 RHEMA Bible Training CollegeRHEMA Bible Training College  12861Books 2010-04-142010-04-14